J. J. Abrams Movies - Statistics

General Stats
  • This quiz has been taken 3 times
  • The average score is 3 of 6
Answer Stats
Release Year Answer % Correct
2015 Star Wars: The Force Awakens
100%
2009 Star Trek
67%
2019 Star Wars: The Rise of Skywalker
67%
2006 Mission: Impossible III
33%
2013 Star Trek Into Darkness
33%
2011 Super 8
33%
No matching quizzes found
Score Distribution
Percent of People with Each Score
Percentile by Number Answered
Your Score History
You have not taken this quiz